|
|
|
|
| LEADER |
02497njm a2200709 a 4500 |
| 001 |
000330288 |
| 003 |
CZ BrMZK |
| 005 |
20141128092447.0 |
| 008 |
970101s1998 xr f cze d |
| 028 |
0 |
3 |
|a 491073 2
|b Sony Music Bonton
|
| 040 |
|
|
|a BOA001
|b cze
|
| 080 |
|
|
|a 782.91(086.7)
|2 MRF
|
| 100 |
1 |
|
|a Bulis, Jiří,
|d 1946-1993
|7 jn99240000109
|4 prf
|
| 245 |
1 |
0 |
|a Tiché písně
|h [zvukový záznam] /
|c Jiří Bulis.
|
| 246 |
3 |
3 |
|a První verš
|
| 246 |
3 |
3 |
|a Písnička v mlze
|
| 246 |
3 |
3 |
|a Radost ma vždycky jen hulvát
|
| 246 |
3 |
3 |
|a Sama ráda odhodíš závoj hedvábný
|
| 246 |
3 |
3 |
|a Slunce na peřinách
|
| 246 |
3 |
3 |
|a Slyšíš létět saně
|
| 246 |
3 |
3 |
|a Svítání
|
| 246 |
3 |
3 |
|a Vlastní životopis
|
| 246 |
3 |
3 |
|a Vánoce 1981
|
| 246 |
3 |
3 |
|a Vánoce za dveřmi
|
| 246 |
3 |
3 |
|a Víčří sníh kolem
|
| 246 |
3 |
3 |
|a Z proroctví Izaiášova
|
| 246 |
3 |
3 |
|a Anděl radosti
|
| 246 |
3 |
3 |
|a Běh života
|
| 246 |
3 |
3 |
|a Deštník z Piccadilly
|
| 246 |
3 |
3 |
|a Dubnová inventura
|
| 246 |
3 |
3 |
|a Hodinku na Štědrý den
|
| 246 |
3 |
3 |
|a Hospodin je můj pastýř
|
| 246 |
3 |
3 |
|a Hosté na zemi
|
| 246 |
3 |
3 |
|a Jak přesmutno na tebe pohledět
|
| 246 |
3 |
3 |
|a Jedno jméno
|
| 246 |
3 |
3 |
|a Lidský život
|
| 246 |
3 |
3 |
|a Modrý balón
|
| 246 |
3 |
3 |
|a Na ploše ledové
|
| 246 |
3 |
3 |
|a Na skledanou
|
| 246 |
3 |
3 |
|a Nekonečný valčík
|
| 246 |
3 |
3 |
|a Neodcházej
|
| 246 |
3 |
3 |
|a Podzimní popěvek
|
| 246 |
3 |
3 |
|a Pohlédni na mne
|
| 260 |
|
|
|a Praha :
|b Sony Music Bonton,
|c p1998
|
| 300 |
|
|
|a 1 CD :
|b AAD ;
|c 12 cm +
|e 1 brožura [32 s.].
|
| 306 |
|
|
|a 011048
|
| 500 |
|
|
|a Nahr. neuv
|
| 500 |
|
|
|a Durata 70:48
|
| 500 |
|
|
|a Texty skladeb v brož.
|
| 505 |
2 |
|
|a Jedno jméno, Anděl radosti, Vánoce za dveřmi ... [et al.]
|
| 511 |
0 |
|
|a Boris Páč, violoncello; Marta Kubišová, zpěv; Jan Tesař, akordeon. FISYO, dir. Mario Klemens; Orchestr Studio Brno
|
| 653 |
0 |
|
|a divadelní písně
|a filmové písně
|a scénická hudba
|
| 700 |
1 |
|
|a Tesař, Jan,
|d 1943-
|7 mzk2014849678
|4 prf
|
| 700 |
1 |
|
|a Klemens, Mario,
|d 1936-2025
|7 jn99240000447
|4 cnd
|
| 700 |
1 |
|
|a Kubišová, Marta,
|d 1942-
|7 jn19990209439
|4 prf
|
| 700 |
1 |
|
|a Páč, Boris,
|d 1945-
|7 mzk2014849675
|4 prf
|
| 710 |
2 |
|
|a Orchestr Studio Brno
|7 mzk2008451397
|4 prf
|
| 710 |
2 |
|
|a Filmový symfonický orchestr
|7 kn20010710195
|
| 910 |
|
|
|a BOA001
|b CD-0004.100
|
| 964 |
|
|
|a Hudba scénická
|x CD
|
| 990 |
|
|
|a AV
|
| 996 |
6 |
|
|b 261H006487
|c CD-0004.100
|l MZK
|r Sklad / do 24 hodin
|n 0
|p p.v.
|w 000330288
|u 000010
|a 1
|e BOA001
|j MZK50
|s P
|